Teorías clásicas de la organización y el management (Registro nro. 12338)
[ vista simple ]
| 000 -CABECERA | |
|---|---|
| campo de control de longitud fija | 01071nam a22003497a 4500 |
| 005 - FECHA Y HORA DE ACTUALIZACIÓN | |
| campo de control | 20190916142314.0 |
| 008 - LONGITUD FIJA | |
| campo de control de longitud fija | 190916b xxu||||| |||| 00| 0 spa d |
| 020 ## - INTERNATIONAL STANDARD BOOK NUMBER | |
| Número Internacional Estándar del Libro | 9789586484513 |
| 041 ## - IDIOMA | |
| Código de idioma del texto/pista de sonido o título separado | |
| 082 ## - CLASIFICACIÓN DECIMAL DEWEY | |
| Número de clasificación | 658.1 M977t |
| 100 ## - AUTOR PERSONAL | |
| Nombre de persona | Murillo Vargas, Guillermo |
| 245 ## - TÍTULO PROPIAMENTE DICHO | |
| Título | Teorías clásicas de la organización y el management |
| 260 ## - PIE DE IMPRENTA | |
| Lugar de publicación, distribución, etc. | Colombia |
| 260 ## - PIE DE IMPRENTA | |
| Nombre del editor, distribuidor, etc. | Ecoe Ediciones |
| 260 ## - PIE DE IMPRENTA | |
| Fecha de publicación, distribución, etc. | 2007 |
| 300 ## - DESCRIPCIÓN FÍSICA | |
| Extensión | 428 páginas |
| 650 ## - Materia General | |
| Materia general | ORGANIZACIONES |
| 650 ## - Materia General | |
| Materia general | PENSAMIENTO ADMINISTRATIVO |
| 650 ## - Materia General | |
| Materia general | ADMINISTRACIÓN CIENTÍFICA |
| 650 ## - Materia General | |
| Materia general | TAYLORISMO |
| 650 ## - Materia General | |
| Materia general | FORDISMO |
| 650 ## - Materia General | |
| Materia general | ADMINISTRACIÓN INDUSTRIAL |
| 650 ## - Materia General | |
| Materia general | HENRY FAYOL |
| 650 ## - Materia General | |
| Materia general | PROCESO ADMINISTRATIVO |
| 650 ## - Materia General | |
| Materia general | MAX WEBER |
| 650 ## - Materia General | |
| Materia general | DIRECCIÓN ADMINISTRATIVA BUROCRÁTICA |
| 650 ## - Materia General | |
| Materia general | ELTON MAYO |
| 650 ## - Materia General | |
| Materia general | TEORÍAS DE LA MOTIVACIÓN |
| 650 ## - Materia General | |
| Materia general | TEORÍAS DEL LIDERAZGO |
| 650 ## - Materia General | |
| Materia general | TEORÍAS DEL COMPORTAMIENTO |
| 942 ## - Punto de Acceso Adicional Koha | |
| Tipo de ítem Koha | Libro |
| Estado perdido | Estado dañado | No para préstamo | Biblioteca permanente | Biblioteca actual | Signatura completa | Código de barras | Precio efectivo a partir del | Tipo de ítem |
|---|---|---|---|---|---|---|---|---|
| Departamento de Biblioteca y Documentación Alfonso Chase Brenes | Departamento de Biblioteca y Documentación Alfonso Chase Brenes | 658.1 M977t | 24608 | 16/09/2019 | Libro |